000 01274nam a22002657a 4500
005 2010101908158.0
008 101019t xxu||||| |||| 00| 0 hin d
010 _aHIN-93870
020 _c275.00
_a9788191052121
035 _aHN-66216
037 _bDBAD / PUB
040 _aDPL
_bHN
082 _a
100 _923632
245 _aप्रमुख अमरीकी कथाकारों की श्रेष्ठ कहानियाँ /
_cमोज़ेज माइकेल द्वारा संकलित,संपादित एवं अनुदित
260 _aनई दिल्ली
_bबाल निधी
_c2010
270 _a6/36, प्रथम तल, विक्रम विहार, लाजपत नगर-iv
_bनई दिल्ली
_e110024
300 _a168पृ.
_c22सेमी (सजिल्द)
650 _9657
_aलघु कथाएँ, हिन्दी
650 _934273
_aShort Stories, Hindi
700 _934278
_aमोज़ेज माइकेल
700 _934291
942 _2ddc
_cHN
_h
_mप्रमुख
999 _c56275
_d56275